Statistics for Countries Without L-A-O-S

Click here to take the quiz!

General Stats

  • This quiz has been taken 21 times
    (18 since last reset)
  • The average score is 6 of 10

Answer Stats

Answer% Correct
Fiji
81%
Yemen
81%
Greece
75%
Benin
63%
Peru
63%
Egypt
50%
Brunei
44%
Niger
44%
Turkey
44%
Burundi
38%

Score Distribution

Percentile by Number Answered

Percent of People with Each Score

Your Score History

You have not taken this quiz since the last reset